RE 3 Dresden↔ Hof (alle 13 Haltestellen) - Statistiken

Allgemein
  • Dieses Quiz wurde 50 mal gespielt
  • Das Durchschnittsergebnis liegt bei 9 aus 13
Antwortstatistiken
Haltestelle % Korrekt
Dresden Hbf
100%
Hof Hbf
100%
Chemnitz Hbf
98%
Zwickau Hbf
93%
Plauen (Vogtland)
90%
Freiberg (Sachsen)
86%
Tharandt
69%
Flöha
67%
Glauchau (Sachsen)
62%
Reichenbach (Vogtland)
52%
Hohenstein-Ernstthal
48%
Mehltheuer
10%
Feilitzsch
5%
Keine übereinstimmenden Quizze gefunden
Verteilung der Resultate
Anzahl Personen mit jedem Resultat
Perzentil nach korrekt beantworteten Fragen
Ihre Resultats-Entwicklung
Sie haben dieses Quiz noch nicht gespielt